ALTERNATIVE DISPUTE RESOLUTION [ADR] (Record no. 8433)

MARC details
000 -LEADER
fixed length control field 00452nam a22001817a 4500
005 - DATE AND TIME OF LATEST TRANSACTION
control field 20231031163921.0
008 - FIXED-LENGTH DATA ELEMENTS--GENERAL INFORMATION
fixed length control field 231031b |||||||| |||| 00| 0 eng d
020 ## - INTERNATIONAL STANDARD BOOK NUMBER
ISBN 978-93-86456-82-3
041 ## - LANGUAGE CODE
Language code of text/sound track or separate title eng
082 ## - DEWEY DECIMAL CLASSIFICATION NUMBER
Classification number 347.09
100 ## - MAIN ENTRY--AUTHOR NAME
Personal name TRIPATHI, DR. S.C
245 ## - TITLE STATEMENT
Title ALTERNATIVE DISPUTE RESOLUTION [ADR]
250 ## - EDITION STATEMENT
Edition statement 3RD.ED.,2018
260 ## - PUBLICATION, DISTRIBUTION, ETC. (IMPRINT)
Place of publication ALLAHABAD
Name of publisher CENTRAL LAW PUBLICATION
Year of publication 2022
300 ## - PHYSICAL DESCRIPTION
Number of Pages 463;p
650 ## - SUBJECT ADDED ENTRY--TOPICAL TERM
Topical Term LAW
942 ## - ADDED ENTRY ELEMENTS (KOHA)
Koha item type Books
Holdings
Lost status Damaged status Collection code Home library Current library Shelving location Date acquired Source of acquisition Cost, normal purchase price Full call number Accession Number Koha item type
    Reference JRU Library JRU Library SHELF -1-B 31/10/2023 PURCHASE [LBI] 380.00 347.09 27977 Books
    LAW JRU Library JRU Library SHELF-30-D 31/10/2023 PURCHASE [LBI] 380.00 347.09 27978 Books
    LAW JRU Library JRU Library SHELF-30-D 31/10/2023 PURCHASE [LBI] 380.00 347.09 27979 Books
    LAW JRU Library JRU Library SHELF-30-D 31/10/2023 PURCHASE [LBI] 380.00 347.09 27980 Books
    LAW JRU Library JRU Library SHELF-30-D 31/10/2023 PURCHASE [LBI] 380.00 347.09 27981 Books